000 00541nai a2200169Ia 4500
003 IN-BaIIA
008 211028c9999 xx s 000 0 eng d
022 _a0301-0104 (Online)
040 _cIIA Library
245 0 _aChemical Physics
_h[eJournal]
260 _aAmsterdam
_bNorth-Holland
310 _aMonthly
362 _a181; 1995 - Present
521 _bSubscribed through National Knowledge Resource Consortium (NKRC)
856 _uhttps://www.sciencedirect.com/science/journal/03010104
_yClick Here to Access eJournal
942 _cEJ
999 _c34161
_d34161